[Event "GRE-ch U12"]
[Site "Patras"]
[Date "2021.09.03"]
[Round "7"]
[White "Gkavardinas, Antonios"]
[Black "Skembris, Simon Max"]
[Result "1-0"]
[WhiteElo "2070"]
[BlackElo "1266"]
[PlyCount "51"]
[EventDate "2021.08.30"]
[EventType "swiss"]
[EventRounds "9"]
[EventCountry "GRE"]
[SourceTitle "EXT 2022"]
[Source "ChessBase"]
[SourceDate "2021.10.06"]
[SourceVersion "1"]
[SourceVersionDate "2021.10.06"]
[SourceQuality "1"]

1. e4 e5 2. Bc4 Nf6 3. d3 Nc6 4. Nf3 Bc5 5. 0-0 d6 6. c3 0-0 7. a4 a5 8. Nbd2 Be6 9. h3 h6 10. Re1 Nh5 11. d4 exd4 12. cxd4 Bxc4 13. Nxc4 Bb4 14. d5 Bxe1 15. dxc6 Bb4 16. cxb7 Rb8 17. Nd4 Qh4 18. Qf3 Qf6 19. Nf5 g6 20. Nce3 gxf5 21. Nxf5 Kh7 22. Qxh5 Qg6 23. Qh4 Rg8 24. g3 Bc5 25. Bxh6 Rh8 26. Bg7+ 1-0

[Event "GRE-ch U12"]
[Site "Patras"]
[Date "2021.09.02"]
[Round "6"]
[White "Skembris, Simon Max"]
[Black "Alexandri, Dimitra"]
[Result "1-0"]
[WhiteElo "1266"]
[BlackElo "1360"]
[PlyCount "63"]
[EventDate "2021.08.30"]
[EventType "swiss"]
[EventRounds "9"]
[EventCountry "GRE"]
[SourceTitle "EXT 2022"]
[Source "ChessBase"]
[SourceDate "2021.10.06"]
[SourceVersion "1"]
[SourceVersionDate "2021.10.06"]
[SourceQuality "1"]

1. e4 e5 2. Nf3 Nc6 3. Bc4 Nf6 4. d3 Bc5 5. c3 0-0 6. 0-0 d6 7. Bb3 h6 8. h3 a6 9. Re1 Re8 10. Nbd2 b5 11. Nf1 Bb6 12. Be3 Bxe3 13. Nxe3 Be6 14. Nh2 d5 15. exd5 Nxd5 16. Qf3 Nxe3 17. Rxe3 Bxb3 18. axb3 Qd6 19. Rae1 f6 20. d4 Red8 21. dxe5 Nxe5 22. Qh5 Qf8 23. Ng4 Nd3 24. Re7 Nf4 25. Qf5 Nd5 26. Nxh6+ Kh8 27. Qh5 gxh6 28. Rf7 Qxf7 29. Qxf7 Rac8 30. c4 bxc4 31. bxc4 Nb6 32. Re7 1-0

[Event "GRE-ch North U08/14"]
[Site "Thessaloniki"]
[Date "2020.08.29"]
[Round "6"]
[White "Gkavardinas, Antonios"]
[Black "Skembris, Simon Max"]
[Result "1-0"]
[WhiteElo "1570"]
[BlackElo "1059"]
[PlyCount "39"]
[EventDate "2020.08.26"]
[EventType "swiss"]
[EventRounds "9"]
[EventCountry "GRE"]
[SourceTitle "EXT 2023"]
[Source "ChessBase"]
[SourceDate "2022.10.05"]
[SourceVersion "1"]
[SourceVersionDate "2022.10.05"]
[SourceQuality "1"]

1. e4 e5 2. Nf3 Nf6 3. Nxe5 d6 4. Nf3 Nxe4 5. Nc3 Nxc3 6. dxc3 Be7 7. Bd3 Nc6 8. Be3 Ne5 9. Nxe5 dxe5 10. Qf3 c6 11. Qg3 g6 12. Qxe5 0-0 13. Qg3 h5 14. 0-0 Qd6 15. Bf4 Qf6 16. Rfe1 Qh4 17. Bxg6 fxg6 18. Qxg6+ Kh8 19. g3 Qf6 20. Be5 1-0